00624nam a22001937a 450000500170000001000150001702000260003203500130005803700130007108200110008410000280009524501210012326000300024427000680027430000240034250000190036670000210038570000240040620160219114938.0 aENG-110714 a9788120349308c695.00 aEN-94246 bDBAD/PUB a519.54 aSrivastava, Manoj Kumar aStatistical inference :cby Manoj Kumar Srivastava, Abdul Hamid Khan [and] Namita Srivastavabtheory of estimation / aDelhibPHI Learningc2014 aRimjhim House, 111, Patparganj Industrial EstatebDelhie110092 aix,794p.c24cm(pbk) aIncludes index aAbdul Hamid Khan aSrivastava, Namita